[Event "DEM U18 2005"]
[Site "Willingen GER"]
[Date "2005.05.21"]
[Round "9"]
[White "Igonin, Pavel"]
[Black "Lang, Henry"]
[Result "1-0"]
[Termination "normal"]
[Board "12"]
[WhiteElo "2176"]
[BlackElo "1792"]
[PlyCount "139"]
[EventCountry "GER"]
[EventRounds "9"]
[EventType "swiss"]
[EventDate "2005.05.15"]

1. d4 Nf6 2. Nf3 g6 3. Bf4 Bg7 4. e3 d6 5. h3 Nbd7 6. Be2 c5 7. c3 O-O 8. O-O
a6 9. a4 b6 10. Nbd2 Bb7 11. Qb1 Nd5 12. Bh2 e5 13. Nc4 Qe7 14. Rd1 f5 15. Rd2
f4 16. e4 N5f6 17. dxe5 dxe5 18. Nd6 Bc6 19. Qa2+ Kh8 20. Ng5 Bh6 21. Qe6 Qxe6
22. Nxe6 f3 23. Rc2 fxe2 24. Nxf8 Rxf8 25. Rxe2 Kg8 26. b4 Ra8 27. f3 Bf8 28.
Rd2 cxb4 29. cxb4 Ne8 30. Nxe8 Rxe8 31. Rb2 a5 32. Rc2 Ba8 33. Rc7 Nf6 34. bxa5
bxa5 35. Rac1 Bh6 36. R1c2 Be3+ 37. Kh1 Bd4 38. Bg1 Bxe4 39. fxe4 Nxe4 40. Bxd4
exd4 41. Rd7 Ng3+ 42. Kg1 h5 43. Rc6 h4 44. Rxg6+ Kf8 45. Rf6+ Kg8 46. Kh2 Re1
47. Rg6+ Kf8 48. Rxg3 hxg3+ 49. Kxg3 Re4 50. Rd5 d3 51. Rxa5 Rd4 52. Rf5+ Kg7
53. Rf1 Rxa4 54. Rf2 Kg6 55. Rd2 Rd4 56. Kf3 Kg5 57. Ke3 Rf4 58. Rxd3 Rf1 59.
Rd5+ Kh4 60. Rd4+ Kh5 61. Rf4 Re1+ 62. Kf2 Re5 63. Kg3 Rg5+ 64. Kh2 Rg6 65. Ra4
Rg5 66. h4 Rg6 67. Kh3 Rb6 68. g4+ Kh6 69. h5 Rb5 70. Kh4 1-0

[Event "DEM U18 2005"]
[Site "Willingen GER"]
[Date "2005.05.21"]
[Round "9"]
[White "Dück, Stefan"]
[Black "Schulz, Stefanie"]
[Result "1/2-1/2"]
[Termination "normal"]
[Board "14"]
[WhiteElo "2049"]
[BlackElo "2070"]
[PlyCount "62"]
[WhiteFideId "4681355"]
[BlackFideId "4693060"]
[EventCountry "GER"]
[EventRounds "9"]
[EventType "swiss"]
[EventDate "2005.05.15"]

1. Nf3 c5 2. e4 Nc6 3. d4 cxd4 4. Nxd4 g6 5. Nc3 Bg7 6. Be3 Nf6 7. Bc4 Qa5 8.
O-O O-O 9. Bb3 d6 10. f3 Bd7 11. Qd2 Rfd8 12. Nxc6 bxc6 13. Bh6 Qb6+ 14. Kh1
Bh8 15. Ne2 d5 16. Qg5 e5 17. Ng3 Qc7 18. f4 Ng4 19. f5 Nxh6 20. Qxh6 Bg7 21.
Qh4 Qd6 22. Rad1 Bf6 23. Qg4 d4 24. Qf3 g5 25. Qh5 Qf8 26. Rf3 Qg7 27. Nf1 c5
28. Bd5 Rab8 29. b3 Rb6 30. Nd2 Bb5 31. Nc4 Bxc4 1/2-1/2